|
|
|
|
| LEADER |
01142nam a22003132a 4500 |
| 001 |
000049356 |
| 003 |
CZ BrMZK |
| 005 |
20060615111726.0 |
| 007 |
ta |
| 008 |
951201s1989 xr f 000 0 cze d |
| 015 |
|
|
|a cnb000051245
|
| 020 |
|
|
|a 80-7031-192-4
|
| 035 |
|
|
|a (OCoLC)24347744
|
| 040 |
|
|
|a BOA001
|b cze
|
| 080 |
|
|
|a 885.0-32(082)
|2 MRF
|
| 100 |
1 |
|
|a Bartůšková, Sylva,
|d 1937-2024
|7 jk01011020
|4 aut
|4 com
|4 wfw
|
| 245 |
1 |
0 |
|a Příběhy o maminkách /
|c vybrala, uspořádala a doslov napsala Sylva Bartušková
|
| 260 |
|
|
|a Hradec Králové :
|b Kruh,
|c 1989
|
| 300 |
|
|
|a 374 s.
|
| 490 |
1 |
|
|a Próza
|
| 490 |
1 |
|
|a Prostor
|
| 830 |
|
0 |
|a Próza (Kruh)
|
| 830 |
|
0 |
|a Prostor
|0 s
|
| 856 |
4 |
1 |
|u http://www.digitalniknihovna.cz/mzk/uuid/uuid:c1f82ad0-2e77-11e4-8f64-005056827e52
|y Digitalizovaný dokument
|x NDK
|
| 910 |
|
|
|a BOA001
|b PK-0111.581
|b 2-0949.659
|
| 964 |
|
|
|a Matky - spisovatelé čeští - ukázky
|
| 990 |
|
|
|a BK
|
| 996 |
7 |
|
|b 2619751040
|c 2-0949.659
|l MZK
|r Sklad / do 1 hodiny
|n 3
|w 000049356
|u 000020
|a 1
|e BOA001
|j MZK50
|s A
|
| 996 |
7 |
|
|b 3119980242
|c PK-0111.581
|l MZK
|r Sklad / do 1 hodiny
|n 0
|w 000049356
|u 000010
|a 1
|e BOA001
|j MZK50
|s A
|